Cristo de nuevo crucificado
محفوظ في:
| المؤلفون الرئيسيون: | , |
|---|---|
| التنسيق: | غير معروف |
| منشور في: |
Buenos Aires, Argentina:
Carlos Lohlé,
1954
|
| الموضوعات: | |
| الوسوم: |
إضافة وسم
لا توجد وسوم, كن أول من يضع وسما على هذه التسجيلة!
|
MARC
| LEADER | 000000000a22000000004500 | ||
|---|---|---|---|
| 001 | 000901 | ||
| 041 | 0 | |a español | |
| 092 | 0 | |a 883 K23c Fotocopia | |
| 100 | 1 | |a Kazantzakis, Niko, 1883-1957 | |
| 100 | 1 | |a De Izquierdo Hernández, José Luis, traductor | |
| 245 | 1 | 0 | |a Cristo de nuevo crucificado |
| 260 | |a Buenos Aires, Argentina: |b Carlos Lohlé, |c 1954 | ||
| 300 | |a 409 páginas | ||
| 500 | |a Número de inscripción 00059 -- Título original en griego: O Xpiotd2 Eavaovpóverai | ||
| 650 | 4 | |a LITERATURA GRIEGA | |
| 650 | 4 | |a NOVELA | |
| 999 | |c 1674 |d 1674 | ||
